智慧人生 (Record no. 9029)

000 -LEADER
fixed length control field 00431nam a22001817a 4500
003 - CONTROL NUMBER IDENTIFIER
control field MPLRDC
005 - DATE AND TIME OF LATEST TRANSACTION
control field 20220104114632.0
008 - FIXED-LENGTH DATA ELEMENTS--GENERAL INFORMATION
fixed length control field 210129b ||||| |||| 00| 0 eng d
020 ## - INTERNATIONAL STANDARD BOOK NUMBER
International Standard Book Number 957-718-004-3
082 ## - DEWEY DECIMAL CLASSIFICATION NUMBER
Classification number 192.1 YWCS v.21
100 ## - MAIN ENTRY--PERSONAL NAME
Personal name 芦苇编译
245 ## - TITLE STATEMENT
Title 智慧人生
Statement of responsibility, etc.
260 ## - PUBLICATION, DISTRIBUTION, ETC.
Place of publication, distribution, etc.
Name of publisher, distributor, etc. 耀文图书公司
Date of publication, distribution, etc. 1992
300 ## - PHYSICAL DESCRIPTION
Other physical details
490 ## - SERIES STATEMENT
Series statement 耀文丛书. 21
650 ## - SUBJECT ADDED ENTRY--TOPICAL TERM
Topical term or geographic name entry element 修身
942 ## - ADDED ENTRY ELEMENTS (KOHA)
Koha item type Book
-- 192.1 YWCS v.21
Holdings
Withdrawn status Lost status Source of classification or shelving scheme Damaged status Not for loan Collection code Home library Current library Shelving location Date acquired Cost, normal purchase price Total Checkouts Full call number Barcode Date last seen Date last checked out Price effective from Koha item type Public note
            Malaysian Public Library, Research and Development Centre Malaysian Public Library, Research and Development Centre   10/12/2007 7.90   192.1 YWCS v.21 00009024 17/03/2021 02/03/2010 17/03/2021 Book mplrdc

© 2022. Malaysian Public Library, Research and Development Centre. All Right ReservedE-mailmplrdc@help.edu.my 

Powered by Koha